000 00376nam a2200157Ia 4500
008 230711s9999||||xx |||||||||||||| ||und||
041 _aENG
082 _a530
_bSR-P
100 _aSrinivasan,M.R
245 0 _aPhysics for engineers
250 _a1st . Ed.
260 _c1996
_aNew Delhi
_bNew Age International Publishers
300 _a519
650 _aPhysics
942 _cBK
999 _c4790
_d4790